000 00913nam a2200265 i 4500
003 DO-SdBNP
005 20260129125203.0
007 ta
008 081117s2009 dr l o001 0 spa d
040 _aDO-SdBNP
_bspa
_cBNPHU
_erda
082 4 _a344.729302
_bR426L 2009
_222
110 1 _aRepública Dominicana.
_9447
240 1 0 _a[Leyes, etc.]
245 1 0 _aLey no. 87-01 que crea el sistema dominicano de seguridad social y sus modificaciones.
264 1 _aSanto Domingo :
_bCNSS,
_c2009.
300 _a216 páginas ;
_c22 cm.
336 _atexto
_btxt
_2rdacontent
337 _asin mediación
_bn
_2rdamedia
338 _avolumen
_bnc
_2rdacarrier
590 _aInventariado, 2023/BT
650 4 _aSeguridad social
_xLegislación
_zRepública Dominicana
_914351
650 0 _aLegislación social
_91149
710 2 _aConsejo Nacional de Seguridad Social (República Dominicana)
_963839
942 _2ddc
_cLBS1
999 _c53203
_d53203